00587nam a2200205 i 4500001000700000003000900007005001700016007000300033008004100036080001100077130005500088245005400143260004400197300002200241500004300263630002000306700002100326740001100347852002300358110558ES-MaACL20250819000219.0t|070131s1952 fr ||||1| fre d a221.07 0aBiblia. pA.T. pLibros históricos. lFrancés.10aJudith ; Esther / ctraduits par le R. P. Barucq. aParis : bLes Editions du Cerf, c1952. a132 p. ; c20 cm. aBiblioteca Jacinto Martínez Lacalle.04aBiblia. pA. T.1 aBarucq, André.0 aEster.4 aES-MaACLjE-11553